ARRUPE JESUIT UNIVERSITY

CORONAVIRUS -STOP THE SPREAD - CLEAN,DISINFECT,COVER

Portrait of New York. (Record no. 119086)

MARC details
000 -LEADER
fixed length control field 00829cam a22002651 4500
001 - CONTROL NUMBER
control field 8824303
003 - CONTROL NUMBER IDENTIFIER
control field ARRUPE
005 - DATE AND TIME OF LATEST TRANSACTION
control field 20131204144424.0
008 - FIXED-LENGTH DATA ELEMENTS--GENERAL INFORMATION
fixed length control field 750808s1948 enk 000 0 eng
010 ## - LIBRARY OF CONGRESS CONTROL NUMBER
LC control number 49000906
035 ## - SYSTEM CONTROL NUMBER
System control number (OCoLC)1525808
040 ## - CATALOGING SOURCE
Original cataloging agency DLC
Transcribing agency GU
Modifying agency OCoLC
-- DLC
042 ## - AUTHENTICATION CODE
Authentication code premarc
050 00 - LIBRARY OF CONGRESS CALL NUMBER
Classification number F128.5
Item number .B34 1948
082 ## - DEWEY DECIMAL CLASSIFICATION NUMBER
Classification number 917.471
300 ## - PHYSICAL DESCRIPTION
Other physical details illus.
Dimensions 23 cm.
100 1# - MAIN ENTRY--PERSONAL NAME
Personal name Beaton, Cecil,
Dates associated with a name 1904-1980.
9 (RLIN) 5156
245 10 - TITLE STATEMENT
Title Portrait of New York.
260 ## - PUBLICATION, DISTRIBUTION, ETC. (IMPRINT)
Place of publication, distribution, etc London,
-- New York,
Name of publisher, distributor, etc B.T. Batsford
Date of publication, distribution, etc [1948]
300 ## - PHYSICAL DESCRIPTION
Extent 135 p.
500 ## - GENERAL NOTE
General note A revision of the author's Cecil Beaton's New York, 1938.
651 #0 - SUBJECT ADDED ENTRY--GEOGRAPHIC NAME
Geographic name New York (N.Y.)
General subdivision Description and travel.
9 (RLIN) 5157
651 #0 - SUBJECT ADDED ENTRY--GEOGRAPHIC NAME
Geographic name New York (N.Y.)
General subdivision Social life and customs.
9 (RLIN) 5158
906 ## - LOCAL DATA ELEMENT F, LDF (RLIN)
a 7
b cbc
c oclcrpl
d u
e ncip
f 19
g y-gencatlg
942 ## - ADDED ENTRY ELEMENTS (KOHA)
Source of classification or shelving scheme Library of Congress Classification
Koha item type Monograph ( Printed materials)
Holdings
Withdrawn status Lost status Source of classification or shelving scheme Damaged status Not for loan Home library Current library Shelving location Date acquired Total Checkouts Full call number Barcode Date last seen Price effective from Koha item type
    Library of Congress Classification     ARRUPE LIBRARY ARRUPE LIBRARY Main Collection 04/12/2013   F128.5 .B34 1948 464123371 04/04/2018 04/12/2013 Monograph ( Printed materials)

 

Arrupe Library. PO Box MP320 Mt Pleasant, Harare, Zimbabwe
263 242 745411|librarian@aju.ac.zw